000 00939nam a22003017a 4500
001 4769
003 FISKH
005 20241219143159.0
008 241010b cb ||||| |||| 00| 0 eng d
020 _a9780140370010
040 _aFISKH
_beng
_cFISKH
_dFISKH
050 _aPZ7.S58635
082 _a467
100 _aSilverman, Martin
245 _aMy tooth is loose ! /
_cMartin Silverman Pictures by Amy Aitken
250 _aPublished in 1992
260 _aAuckland :
_bPuffin Books,
_c1992.
300 _a29 pages :
_bColor illustrations ;
_c23 cm
505 _aG
520 _aWhen Georgie announces he has a loose tooth, all of his friends have advice to offer him, but none of it is appealing.
521 8 _a380L
_bLexile
521 8 _aG
_bRaz-Plus
650 _2Loose tooth
_aDentist
_vHealth
650 _2Children's
_aYoung readers
700 _aAitken, Amy
_dIllustrator
942 _2ddc
_cBK
_n0
999 _c4769
_d4769